[Event "Montevideo zt 2.5 (Women)"]
[Site "Montevideo"]
[Date "2019.04.18"]
[Round "8"]
[White "Podesta, Sofia"]
[Black "Sarquis, Maria Belen"]
[Result "0-1"]
[WhiteElo "1417"]
[BlackElo "2141"]
[PlyCount "32"]
[EventDate "2019.04.13"]
[EventType "swiss"]
[EventRounds "9"]
[EventCountry "URU"]
[SourceTitle "CBM 189 Extra"]
[Source "ChessBase"]
[SourceDate "2019.06.03"]
[SourceVersion "1"]
[SourceVersionDate "2019.06.03"]
[SourceQuality "1"]

1. d4 Nf6 2. Nf3 d6 3. Bg5 Nbd7 4. e3 e5 5. Nbd2 Be7 6. Bd3 c6 7. 0-0 0-0 8. Qe2 Re8 9. Rfe1 Qc7 10. c3 h6 11. Bh4 Bf8 12. dxe5 dxe5 13. e4 Nh5 14. Bg3 Nxg3 15. fxg3 Qb6+ 16. Qf2 Bc5 0-1

[Event "URU-ch (Women)"]
[Site "Punta del Este"]
[Date "2019.03.29"]
[Round "1"]
[White "Malan, Lucia"]
[Black "Podesta, Sofia"]
[Result "1-0"]
[WhiteElo "1885"]
[BlackElo "1383"]
[PlyCount "37"]
[EventDate "2019.03.29"]
[EventType "swiss"]
[EventRounds "6"]
[EventCountry "URU"]
[SourceTitle "EXT 2021"]
[Source "ChessBase"]
[SourceDate "2020.10.23"]
[SourceVersion "1"]
[SourceVersionDate "2020.10.23"]
[SourceQuality "1"]

1. e4 e6 2. d4 d5 3. Nd2 dxe4 4. Nxe4 Nd7 5. Nf3 Ngf6 6. Bd3 Be7 7. 0-0 0-0 8. Qe2 b6 9. b3 Bb7 10. Bb2 c5 11. Rad1 Nxe4 12. Bxe4 Bxe4 13. Qxe4 Qc7 14. d5 Qb7 15. Qe2 Qc7 16. dxe6 Nf6 17. exf7+ Rxf7 18. Ng5 Qf4 19. Nxf7 1-0

[Event "URU-ch (Women)"]
[Site "Punta del Este"]
[Date "2019.03.29"]
[Round "2"]
[White "Podesta, Sofia"]
[Black "Umpierrez, Melina"]
[Result "1-0"]
[WhiteElo "1383"]
[BlackElo "1113"]
[PlyCount "55"]
[EventDate "2019.03.29"]
[EventType "swiss"]
[EventRounds "6"]
[EventCountry "URU"]
[SourceTitle "EXT 2021"]
[Source "ChessBase"]
[SourceDate "2020.10.23"]
[SourceVersion "1"]
[SourceVersionDate "2020.10.23"]
[SourceQuality "1"]

1. Nf3 d5 2. d4 Nf6 3. e3 a6 4. Bd3 e6 5. 0-0 Bd6 6. Qe2 0-0 7. Nbd2 Nc6 8. c3 Bd7 9. e4 dxe4 10. Nxe4 Be7 11. Nfg5 g6 12. Nf3 Re8 13. Bg5 Nxe4 14. Bxe7 Qxe7 15. Qxe4 Qf6 16. Ne5 Rad8 17. f4 Qe7 18. Rae1 Nxe5 19. fxe5 Bc6 20. Qg4 Rf8 21. Rf6 Rd7 22. Re3 Bd5 23. Rh3 Kg7 24. Qg5 Rh8 25. Qh6+ Kg8 26. Bxg6 Qf8 27. Bxh7+ Rxh7 28. Qxh7# 1-0

[Event "URU-ch sf"]
[Site "Montevideo"]
[Date "2019.03.05"]
[Round "7"]
[White "Rey, Fernando"]
[Black "Podesta, Sofia"]
[Result "1/2-1/2"]
[WhiteElo "1667"]
[BlackElo "1383"]
[PlyCount "43"]
[EventDate "2019.03.01"]
[EventType "swiss"]
[EventRounds "8"]
[EventCountry "URU"]
[SourceTitle "CBM 189 Extra"]
[Source "ChessBase"]
[SourceDate "2019.06.03"]
[SourceVersion "1"]
[SourceVersionDate "2019.06.03"]
[SourceQuality "1"]

1. e4 e6 2. d4 d5 3. Nd2 dxe4 4. Nxe4 Nd7 5. Nf3 Ngf6 6. Nxf6+ Nxf6 7. c3 Be7 8. Bd3 0-0 9. 0-0 b6 10. Bf4 Bb7 11. Qe2 Qd7 12. Rfd1 Rfd8 13. Bb5 Bc6 14. Bxc6 Qxc6 15. Ne5 Qd5 16. Bg5 Re8 17. Qf3 Qxf3 18. Nxf3 Ne4 19. Bxe7 Rxe7 20. Re1 Ree8 21. Red1 Re7 22. Re1 1/2-1/2

[Event "Montevideo Duchamp Cup 3rd"]
[Site "Montevideo"]
[Date "2019.02.11"]
[Round "4"]
[White "Podesta, Sofia"]
[Black "Tramutolo, Gustavo"]
[Result "1-0"]
[WhiteElo "1365"]
[BlackElo "1405"]
[PlyCount "59"]
[EventDate "2019.02.09"]
[EventType "swiss"]
[EventRounds "9"]
[EventCountry "URU"]
[SourceTitle "CBM 188 Extra"]
[Source "ChessBase"]
[SourceDate "2019.02.26"]
[SourceVersion "1"]
[SourceVersionDate "2019.02.26"]
[SourceQuality "1"]

1. Nf3 d5 2. d4 Nf6 3. e3 Bf5 4. c4 c6 5. Be2 h6 6. 0-0 e6 7. Qb3 b6 8. Nbd2 a5 9. a4 Na6 10. cxd5 cxd5 11. Bxa6 Rxa6 12. Qb5+ Nd7 13. Qxa6 Bd6 14. Qe2 Qc8 15. e4 dxe4 16. Nxe4 Be7 17. Bf4 0-0 18. Rac1 Qa8 19. Ng3 Bh7 20. Ne5 Nf6 21. Nh5 Nd5 22. Qg4 g6 23. Bxh6 f5 24. Qg3 Nf6 25. Nxf6+ Rxf6 26. Bg5 f4 27. Qg4 Kg7 28. Bxf6+ Bxf6 29. Rc7+ Kh6 30. Rxh7+ 1-0

[Event "American Continental 14th"]
[Site "Montevideo"]
[Date "2018.06.09"]
[Round "10"]
[White "Podesta, Sofia"]
[Black "Ramirez, Agustin"]
[Result "0-1"]
[WhiteElo "1195"]
[BlackElo "1675"]
[PlyCount "80"]
[EventDate "2018.06.01"]
[EventType "swiss"]
[EventRounds "11"]
[EventCountry "URU"]
[SourceTitle "CBM 184 Extra"]
[Source "ChessBase"]
[SourceDate "2018.06.28"]
[SourceVersion "1"]
[SourceVersionDate "2018.06.28"]
[SourceQuality "1"]

1. Nf3 Nf6 2. d4 g6 3. e3 Bg7 4. Be2 d6 5. c4 Nbd7 6. 0-0 0-0 7. Nbd2 e5 8. dxe5 dxe5 9. Qc2 Re8 10. e4 b6 11. b3 Bb7 12. Bb2 c5 13. Rad1 Qc7 14. Rfe1 Rad8 15. Bf1 h6 16. Bd3 Nh7 17. Nb1 Nhf8 18. Nc3 Ne6 19. Nd5 Qb8 20. Bf1 Nd4 21. Qd3 Nf8 22. g3 Nfe6 23. Bg2 Kh8 24. h3 Ba6 25. a4 Nc7 26. Nh2 Nce6 27. Bc1 Nc6 28. Qe2 Ned4 29. Qe3 Nc2 30. Qe2 Nxe1 31. Qxe1 Nd4 32. Qe3 Bc8 33. Nf3 Be6 34. Nh4 g5 35. Nf5 Bxf5 36. exf5 Nxf5 37. Qe4 Nd4 38. Rd3 Qd6 39. Ne3 Ne2+ 40. Kf1 Qxd3 0-1

[Event "American Continental 14th"]
[Site "Montevideo"]
[Date "2018.06.08"]
[Round "9"]
[White "Podesta, Sofia"]
[Black "Areco, Antonio"]
[Result "1/2-1/2"]
[WhiteElo "1195"]
[BlackElo "1746"]
[PlyCount "70"]
[EventDate "2018.06.01"]
[EventType "swiss"]
[EventRounds "11"]
[EventCountry "URU"]
[SourceTitle "CBM 184 Extra"]
[Source "ChessBase"]
[SourceDate "2018.06.28"]
[SourceVersion "1"]
[SourceVersionDate "2018.06.28"]
[SourceQuality "1"]

1. Nf3 g6 2. d4 Bg7 3. e3 d6 4. Be2 Nf6 5. c4 0-0 6. 0-0 c5 7. dxc5 dxc5 8. Nc3 b6 9. Re1 e6 10. Qc2 a6 11. b3 Bb7 12. Bb2 Qc7 13. Rad1 Nc6 14. a3 Rad8 15. Bf1 Ne7 16. Ne2 Ng4 17. Ng3 Rxd1 18. Rxd1 Rd8 19. Rxd8+ Qxd8 20. Bxg7 Kxg7 21. Qc3+ Nf6 22. Ne5 h5 23. Be2 Qd6 24. h3 Nf5 25. Nxf5+ exf5 26. Nd3 Kg8 27. Nf4 Ne4 28. Qd3 Qf6 29. a4 Qa1+ 30. Qd1 Qf6 31. Nd5 Bxd5 32. cxd5 Nc3 33. Qd2 Ne4 34. Qd1 Nc3 35. Qd2 Ne4 1/2-1/2

[Event "American Continental 14th"]
[Site "Montevideo"]
[Date "2018.06.07"]
[Round "8"]
[White "Amaral, Francisco"]
[Black "Podesta, Sofia"]
[Result "0-1"]
[WhiteElo "1637"]
[BlackElo "1195"]
[PlyCount "116"]
[EventDate "2018.06.01"]
[EventType "swiss"]
[EventRounds "11"]
[EventCountry "URU"]
[SourceTitle "CBM 184 Extra"]
[Source "ChessBase"]
[SourceDate "2018.06.28"]
[SourceVersion "1"]
[SourceVersionDate "2018.06.28"]
[SourceQuality "1"]

1. e4 e6 2. d4 d5 3. exd5 exd5 4. c4 c6 5. Nc3 Bb4 6. Nf3 Nf6 7. Qb3 Qe7+ 8. Be2 0-0 9. h3 Re8 10. Be3 Ne4 11. 0-0 Ng3 12. Rfe1 Nxe2+ 13. Rxe2 dxc4 14. Qxc4 Be6 15. Qd3 h6 16. a3 Ba5 17. b4 Bc7 18. Rd1 Rd8 19. Qe4 f5 20. Qc2 Bc4 21. Ree1 Qf7 22. Ne5 Bxe5 23. dxe5 Nd7 24. Rxd7 Rxd7 25. Bc5 Qe6 26. f4 b6 27. Be3 Rad8 28. Qf2 Rd3 29. Nb1 Rd1 30. Nd2 Rxe1+ 31. Qxe1 Bb5 32. Nf3 Qb3 33. Qf2 Qxa3 34. Nd4 Qd3 35. Kh2 Ba4 36. Ne6 Re8 37. Nd4 Kh7 38. h4 c5 39. bxc5 bxc5 40. Nf3 c4 41. Bxa7 c3 42. Be3 Qd1 43. Nd4 c2 44. Nxf5 c1Q 45. Bxc1 Qxc1 46. h5 Qc2 47. Qxc2 Bxc2 48. Nd6 Rf8 49. g3 g5 50. hxg6+ Kxg6 51. Kh3 h5 52. Kg2 Rg8 53. Kf3 Rd8 54. Ke3 Kg7 55. f5 Rf8 56. Kf4 Bxf5 57. Kg5 Bg6 58. e6 Rd8 0-1

[Event "American Continental 14th"]
[Site "Montevideo"]
[Date "2018.06.03"]
[Round "3"]
[White "Barandiaran, Gabriel"]
[Black "Podesta, Sofia"]
[Result "1-0"]
[WhiteElo "1882"]
[BlackElo "1195"]
[PlyCount "79"]
[EventDate "2018.06.01"]
[EventType "swiss"]
[EventRounds "11"]
[EventCountry "URU"]
[SourceTitle "CBM 184 Extra"]
[Source "ChessBase"]
[SourceDate "2018.06.28"]
[SourceVersion "1"]
[SourceVersionDate "2018.06.28"]
[SourceQuality "1"]

1. e4 e6 2. d4 d5 3. Nd2 Be7 4. Bd3 Nf6 5. e5 Nfd7 6. Ne2 b6 7. 0-0 Ba6 8. Nf3 c5 9. c3 Bxd3 10. Qxd3 0-0 11. Bd2 Nc6 12. Rac1 Rc8 13. Rfe1 Re8 14. Kh1 Nf8 15. Nf4 Ng6 16. Nh3 Qd7 17. Nfg5 h6 18. Nf3 Bd8 19. Nf4 Nxf4 20. Bxf4 Ne7 21. Nd2 Nf5 22. b3 b5 23. dxc5 Rxc5 24. g4 Nh4 25. Ne4 Rc6 26. Nd6 Rf8 27. Nxb5 a6 28. Nd4 Rb6 29. Rg1 Qb7 30. g5 Rb5 31. gxh6 g6 32. Bg5 Bxg5 33. Rxg5 Rc8 34. Qh3 Nf5 35. Nxf5 d4+ 36. Kg1 exf5 37. Qxf5 Kh7 38. Qf6 Rg8 39. cxd4 Kxh6 40. Rg4 1-0

[Event "American Continental 14th"]
[Site "Montevideo"]
[Date "2018.06.03"]
[Round "4"]
[White "Podesta, Sofia"]
[Black "Ferrari, Carlos"]
[Result "0-1"]
[WhiteElo "1195"]
[BlackElo "1703"]
[PlyCount "114"]
[EventDate "2018.06.01"]
[EventType "swiss"]
[EventRounds "11"]
[EventCountry "URU"]
[SourceTitle "CBM 184 Extra"]
[Source "ChessBase"]
[SourceDate "2018.06.28"]
[SourceVersion "1"]
[SourceVersionDate "2018.06.28"]
[SourceQuality "1"]

1. d4 d5 2. Nf3 e6 3. e3 Nf6 4. Bd3 Nbd7 5. 0-0 Bd6 6. Nbd2 0-0 7. c3 b6 8. e4 dxe4 9. Nxe4 Be7 10. Qc2 Bb7 11. Bf4 Rc8 12. Rfe1 c5 13. Nd6 Bxd6 14. Bxd6 Re8 15. dxc5 Bxf3 16. gxf3 Nxc5 17. Bxc5 Rxc5 18. Kh1 Rh5 19. Rg1 Qd6 20. Rg2 Rd8 21. Rd1 Rd5 22. Rdg1 Rxd3 23. Rxg7+ Kf8 24. Qc1 Rd2 25. a3 Qf4 26. R7g3 Qf5 27. Qa1 Rxf2 28. a4 Rdd2 29. Qa3+ Qc5 30. Qxc5+ bxc5 31. R1g2 Rxb2 32. Kg1 Rxg2+ 33. Rxg2 Rxg2+ 34. Kxg2 Nd5 35. Kf2 Nxc3 36. a5 Ke7 37. Ke3 Kd6 38. Kd3 Nd5 39. Kc4 a6 40. Kd3 f5 41. Kc4 f4 42. Kd3 e5 43. Kc4 Ne3+ 44. Kd3 Kd5 45. h3 c4+ 46. Kc3 Kc5 47. h4 h5 48. Kd2 Kd4 49. Kc1 c3 50. Kb1 Kd3 51. Ka2 Kd2 52. Kb3 c2 53. Ka2 c1Q 54. Kb3 Qc4+ 55. Ka3 Nc2+ 56. Kb2 Qc3+ 57. Kb1 Qa1# 0-1

[Event "American Continental 14th"]
[Site "Montevideo"]
[Date "2018.06.01"]
[Round "1"]
[White "Dominguez, Facundo"]
[Black "Podesta, Sofia"]
[Result "1-0"]
[WhiteElo "2141"]
[BlackElo "1195"]
[PlyCount "50"]
[EventDate "2018.06.01"]
[EventType "swiss"]
[EventRounds "11"]
[EventCountry "URU"]
[SourceTitle "CBM 184 Extra"]
[Source "ChessBase"]
[SourceDate "2018.06.28"]
[SourceVersion "1"]
[SourceVersionDate "2018.06.28"]
[SourceQuality "1"]

1. e4 e6 2. d4 d5 3. Nd2 Be7 4. Bd3 Nf6 5. e5 Nfd7 6. Ne2 b6 7. c3 Ba6 8. Bxa6 Nxa6 9. 0-0 0-0 10. f4 f6 11. Nf3 fxe5 12. fxe5 Qe8 13. Be3 Qg6 14. Nf4 Qf5 15. Nd2 Bd8 16. Qe2 Nab8 17. Rac1 Qf7 18. Nxd5 Qe8 19. Nf4 c6 20. Qg4 Rf7 21. Ne4 Bc7 22. Qxe6 Qe7 23. Ng5 Qxg5 24. Nd5 Qd8 25. Qxf7+ Kh8 1-0

[Event "URU-ch U20/Girls"]
[Site "Nueva Helvecia"]
[Date "2018.04.21"]
[Round "1"]
[White "Dominguez, Facundo"]
[Black "Podesta, Sofia"]
[Result "1-0"]
[WhiteElo "2143"]
[BlackElo "1143"]
[PlyCount "71"]
[EventDate "2018.04.21"]
[EventType "swiss"]
[EventRounds "6"]
[EventCountry "URU"]
[SourceTitle "CBM 184 Extra"]
[Source "ChessBase"]
[SourceDate "2018.06.28"]
[SourceVersion "1"]
[SourceVersionDate "2018.06.28"]
[SourceQuality "1"]

1. e4 e6 2. d4 d5 3. Nd2 dxe4 4. Nxe4 Nd7 5. Nf3 Ngf6 6. Nxf6+ Nxf6 7. c3 Bd6 8. Bd3 0-0 9. 0-0 b6 10. Bg5 Bb7 11. Qe2 Re8 12. Rad1 Qe7 13. Ne5 a6 14. Ng4 Kh8 15. Nxf6 gxf6 16. Qh5 f5 17. Bxe7 Bxe7 18. Qxf7 Rg8 19. f3 Bd6 20. Qxe6 Rg6 21. Qxf5 Rag8 22. Rd2 Bc8 23. Qf7 R6g7 24. Qh5 Be6 25. Re2 Bf7 26. Qh3 h5 27. Rfe1 a5 28. Bf5 c5 29. Be6 cxd4 30. Bxf7 Rxf7 31. Qe6 d3 32. Qxf7 Bc5+ 33. Rf2 d2 34. Qxh5+ Kg7 35. Qg5+ Kf7 36. Qxd2 1-0

[Event "URU-ch U20/Girls"]
[Site "Nueva Helvecia"]
[Date "2018.04.21"]
[Round "2"]
[White "Podesta, Sofia"]
[Black "Cucchi, Leonardo"]
[Result "1/2-1/2"]
[WhiteElo "1143"]
[BlackElo "1252"]
[PlyCount "109"]
[EventDate "2018.04.21"]
[EventType "swiss"]
[EventRounds "6"]
[EventCountry "URU"]
[SourceTitle "CBM 184 Extra"]
[Source "ChessBase"]
[SourceDate "2018.06.28"]
[SourceVersion "1"]
[SourceVersionDate "2018.06.28"]
[SourceQuality "1"]

1. d4 d5 2. Nf3 Nf6 3. e3 e6 4. Bd3 c5 5. c3 Nc6 6. Nbd2 Bd6 7. Qe2 0-0 8. 0-0 e5 9. dxe5 Nxe5 10. Nxe5 Bxe5 11. Nf3 Re8 12. Rd1 Bg4 13. c4 d4 14. b3 Qc7 15. h3 Bxf3 16. Qxf3 dxe3 17. Rb1 exf2+ 18. Kxf2 Rad8 19. Bg5 h6 20. Bc1 Ne4+ 21. Bxe4 Rxd1 22. Qxd1 Bd4+ 23. Kf3 Qe5 24. Qd3 Qf6+ 25. Bf4 g5 26. g3 gxf4 27. gxf4 Qh4 28. Qf1 f5 29. Bd5+ Kh7 30. Kg2 Re3 31. Bf3 Qxf4 32. Re1 Be5 33. Qf2 Rxe1 34. Qxe1 Qh2+ 35. Kf1 Qxh3+ 36. Bg2 Qd3+ 37. Kg1 Bd4+ 38. Kh1 Qe3 39. Qb1 Qf4 40. Qe1 Qe3 41. Qf1 Qg5 42. Bh3 Be5 43. Bxf5+ Kg7 44. Bh3 Qg3 45. Qg2 Qxg2+ 46. Bxg2 b6 47. Bf3 Kg6 48. Kg2 h5 49. Kh3 h4 50. Kxh4 Kf5 51. Kh3 Kf4 52. Kg2 Ke3 53. a4 Kd3 54. a5 bxa5 55. Bc6 1/2-1/2

[Event "URU-ch (Women)"]
[Site "Punta del Este"]
[Date "2018.03.03"]
[Round "4"]
[White "Podesta, Sofia"]
[Black "Silva Rosas, Natalia"]
[Result "0-1"]
[WhiteElo "1153"]
[BlackElo "1831"]
[PlyCount "72"]
[EventDate "2018.03.02"]
[EventType "swiss"]
[EventRounds "6"]
[EventCountry "URU"]
[SourceTitle "EXT 2021"]
[Source "ChessBase"]
[SourceDate "2020.10.23"]
[SourceVersion "1"]
[SourceVersionDate "2020.10.23"]
[SourceQuality "1"]

1. Nf3 f5 2. d3 g6 3. e4 fxe4 4. dxe4 Bg7 5. Bc4 Nf6 6. Be3 e6 7. Nc3 0-0 8. 0-0 Nc6 9. Qd2 Ng4 10. Bg5 Qe8 11. h3 Nge5 12. Nxe5 Nxe5 13. Bb3 Nf7 14. Rad1 Nxg5 15. Qxg5 d6 16. Qg4 Kh8 17. Nb5 Qxb5 18. c3 e5 19. Qg3 Qe8 20. Qg5 Be6 21. Bd5 Bxd5 22. exd5 Rf5 23. Qg3 Qf7 24. c4 Rf8 25. b3 Qf6 26. b4 Rg5 27. Qe3 Bh6 28. Qe2 Rh5 29. c5 Qh4 30. Rd3 Qxb4 31. cxd6 Qxd6 32. Rb1 b6 33. g4 Rh4 34. Rg3 Qxd5 35. Kh2 Bf4 36. Rb2 Rxh3+ 0-1

[Event "Wch U10 Girls"]
[Site "Pocos de Caldas"]
[Date "2017.08.28"]
[Round "8"]
[White "Weerawardana, Oneli Vihanga"]
[Black "Podesta, Sofia"]
[Result "1-0"]
[WhiteElo "1250"]
[BlackElo "1461"]
[PlyCount "53"]
[EventDate "2017.08.22"]
[EventType "swiss"]
[EventRounds "11"]
[EventCountry "BRA"]
[SourceTitle "CBM 180 Extra"]
[Source "ChessBase"]
[SourceDate "2017.10.06"]
[SourceVersion "1"]
[SourceVersionDate "2017.10.06"]
[SourceQuality "1"]

1. d4 e6 2. c4 f5 3. Nc3 Nf6 4. Bf4 c6 5. h3 d5 6. e3 Bd6 7. Bxd6 Qxd6 8. Nf3 0-0 9. Bd3 Nbd7 10. 0-0 Ne4 11. Qc2 Ndf6 12. Ne2 Qc7 13. c5 Bd7 14. h4 Rad8 15. Ne5 Ng4 16. Nxg4 fxg4 17. Bxe4 dxe4 18. Qxe4 Rf6 19. Qxg4 Rg6 20. Qf4 Qc8 21. Qe4 Rf8 22. g3 Rf5 23. g4 Qd8 24. g5 h6 25. Nf4 Rxf4 26. exf4 Qc7 27. Qxg6 1-0

[Event "Wch U10 Girls"]
[Site "Pocos de Caldas"]
[Date "2017.08.23"]
[Round "2"]
[White "Karimova, Guldona"]
[Black "Podesta, Sofia"]
[Result "1-0"]
[WhiteElo "1291"]
[BlackElo "1461"]
[PlyCount "77"]
[EventDate "2017.08.22"]
[EventType "swiss"]
[EventRounds "11"]
[EventCountry "BRA"]
[SourceTitle "CBM 180 Extra"]
[Source "ChessBase"]
[SourceDate "2017.10.06"]
[SourceVersion "1"]
[SourceVersionDate "2017.10.06"]
[SourceQuality "1"]

1. e4 e6 2. d4 d5 3. Nc3 Bb4 4. e5 Ne7 5. a3 Bxc3+ 6. bxc3 0-0 7. Bd3 Nbc6 8. Nf3 b6 9. 0-0 Bb7 10. Ng5 h6 11. Qh5 Nf5 12. Nh3 Qh4 13. Qf3 f6 14. Bxf5 exf5 15. Qxd5+ Kh8 16. e6 Qg4 17. f3 Qg6 18. Nf4 Qe8 19. Qxf5 Ne7 20. Qd3 g5 21. Ne2 Qg6 22. f4 Be4 23. Qg3 Nf5 24. Qe1 Rg8 25. Rf2 Nh4 26. fxg5 hxg5 27. Ng3 Bxg2 28. Qe2 Bb7 29. Bb2 g4 30. c4 Nf3+ 31. Kf1 Rge8 32. d5 Rad8 33. h3 Ba6 34. hxg4 Rxd5 35. Qxf3 Bxc4+ 36. Kg1 Rxe6 37. Bxf6+ Kg8 38. Bc3 Re8 39. Rh2 1-0

[Event "Wch U10 Girls"]
[Site "Pocos de Caldas"]
[Date "2017.08.23"]
[Round "3"]
[White "Podesta, Sofia"]
[Black "Guid, Taja"]
[Result "1-0"]
[WhiteElo "1461"]
[BlackElo "1200"]
[PlyCount "47"]
[EventDate "2017.08.22"]
[EventType "swiss"]
[EventRounds "11"]
[EventCountry "BRA"]
[SourceTitle "CBM 180 Extra"]
[Source "ChessBase"]
[SourceDate "2017.10.06"]
[SourceVersion "1"]
[SourceVersionDate "2017.10.06"]
[SourceQuality "1"]

1. d4 d5 2. Nf3 Nf6 3. e3 c5 4. c3 e6 5. Bd3 Nc6 6. Nbd2 Bd6 7. Qe2 0-0 8. e4 Be7 9. e5 Nd7 10. 0-0 c4 11. Bc2 b5 12. a3 a5 13. Re1 Bb7 14. Nf1 b4 15. Bd2 b3 16. Bb1 Nb6 17. Ng3 Na4 18. Bf4 Qc7 19. Qd2 Qd8 20. Bh6 Nxb2 21. Bxg7 Kxg7 22. Nh5+ Kh8 23. Qh6 Rg8 24. Qxh7# 1-0